000 00433nam a2200181Ia 4500
005 20250423095304.0
008 250422s9999 xx 000 0 und d
020 _a9783689541
050 _aJF 1351 .B45/
100 _aBello, Kamal
245 0 _aEssentials of public administration
260 _aAbuja
260 _bDigiSoft Printers
260 _c2005
300 _a180 p
650 _a Public administration
942 _cBK
999 _c29817
_d29817